00587 2200181 4500001002100000008004100021035002000062245008900082100001900171260004400190300002800234020002200262084001600284520006100300082001000361650002200371990001200393INLIS000000000015513 ind  a0010-0223000034 a3 Hours to MasterbAtur Suasana HatimucMichael Chuah; alih bahasa, Yulius Dewasetya aCHUAH, Michael aJakarta :bElex Media Komputindo,c2019 a179 hal.: ilus.c22 cm. a978-602-04-9905-5 a741.5 CHU t aJudul asli : 3 Hours to Master : How to Mange Your Moods a741.5 aKOMIK. PENDIDIKAN a10708 a